[Event "IECC O-2759"]
[Site "IECC email"]
[Date "2008.03.22"]
[Round "?"]
[White "Laramore, Victor"]
[Black "Owen, Keith"]
[Result "1-0"]
[WhiteElo "1360"]
[BlackElo "1434"]
[PlyCount "43"]
[EventDate "2008.??.??"]
[EventType "swiss (corr)"]
[EventRounds "2"]
[SourceTitle "Corr 2013"]
[Source "ChessBase"]
[SourceDate "2012.11.12"]
[SourceVersion "1"]
[SourceVersionDate "2012.11.12"]
[SourceQuality "1"]
[WhiteTeam "Australia"]
[BlackTeam "Canada"]
[WhiteTeamCountry "AUS"]
[BlackTeamCountry "CAN"]

1. d4 d5 2. c4 c6 3. Nc3 Nf6 4. e3 g6 5. cxd5 cxd5 6. Nf3 Bg4 7. Qb3 b6 8. Bb5+ Bd7 9. Nxd5 e6 10. Nxf6+ Qxf6 11. e4 Be7 12. Qc3 Nc6 13. Bxc6 Rc8 14. Bxd7+ Kxd7 15. Qb3 Rc7 16. Bg5 Qg7 17. Bf4 Rb7 18. Ne5+ Kd8 19. Qc3 Bd6 20. d5 f6 21. Nc6+ Ke8 22. Bxd6 1-0

[Event "IECC O-2735"]
[Site "IECC email"]
[Date "2008.01.24"]
[Round "?"]
[White "Laramore, Victor"]
[Black "Bolash, John"]
[Result "1-0"]
[WhiteElo "1330"]
[BlackElo "1384"]
[PlyCount "63"]
[EventDate "2008.??.??"]
[EventType "swiss (corr)"]
[EventRounds "2"]
[SourceTitle "Corr 2013"]
[Source "ChessBase"]
[SourceDate "2012.11.12"]
[SourceVersion "1"]
[SourceVersionDate "2012.11.12"]
[SourceQuality "1"]
[WhiteTeam "Australia"]
[BlackTeam "Canada"]
[WhiteTeamCountry "AUS"]
[BlackTeamCountry "CAN"]

1. e4 e6 2. d4 d5 3. Nd2 c5 4. Ngf3 cxd4 5. exd5 Qxd5 6. Bc4 Qd6 7. 0-0 Nf6 8. Nb3 Nc6 9. Nbxd4 Nxd4 10. Qxd4 Qxd4 11. Nxd4 a6 12. Re1 Be7 13. Bg5 Bd7 14. Rad1 h6 15. Bf4 Rc8 16. Bd3 0-0 17. Nf5 Bc5 18. Nd6 Bxd6 19. Bxd6 Rfe8 20. c4 Bc6 21. f3 Nd7 22. b4 b5 23. c5 Nf6 24. a3 Nd5 25. Kf2 f5 26. g4 g6 27. h4 Bd7 28. Rd2 Ne7 29. Bxe7 Rxe7 30. gxf5 gxf5 31. Bxf5 Kf7 32. Rxd7 1-0

[Event "IECC O-2728"]
[Site "IECC email"]
[Date "2008.01.07"]
[Round "?"]
[White "Stearns, Ron"]
[Black "Laramore, Victor"]
[Result "0-1"]
[WhiteElo "1256"]
[BlackElo "1348"]
[PlyCount "60"]
[EventDate "2008.??.??"]
[EventType "swiss (corr)"]
[EventRounds "2"]
[SourceTitle "Corr 2013"]
[Source "ChessBase"]
[SourceDate "2012.11.12"]
[SourceVersion "1"]
[SourceVersionDate "2012.11.12"]
[SourceQuality "1"]
[WhiteTeam "Australia"]
[BlackTeam "Canada"]
[WhiteTeamCountry "AUS"]
[BlackTeamCountry "CAN"]

1. Nf3 d5 2. g3 g6 3. Bg2 Bg7 4. 0-0 e5 5. d3 Ne7 6. e4 0-0 7. Nbd2 d4 8. Ne1 Nbc6 9. f4 exf4 10. Rxf4 Bh6 11. Rf1 Be3+ 12. Kh1 Ne5 13. h3 Qd6 14. Ndf3 f5 15. Bxe3 dxe3 16. c3 fxe4 17. Nxe5 Rxf1+ 18. Bxf1 Qxe5 19. dxe4 Be6 20. Kh2 Qxe4 21. Qf3 Qxf3 22. Nxf3 Rf8 23. Be2 Kg7 24. Rd1 Bd5 25. Kg2 Bc6 26. Rd3 Nf5 27. c4 Rf6 28. b4 Rd6 29. Rxd6 cxd6 30. Kh2 Bxf3 0-1

[Event "IECC O-2661"]
[Site "IECC email"]
[Date "2007.09.27"]
[Round "?"]
[White "Laramore, Victor"]
[Black "Schofield, Antony"]
[Result "1-0"]
[WhiteElo "1235"]
[BlackElo "1032"]
[PlyCount "61"]
[EventDate "2007.??.??"]
[EventType "swiss (corr)"]
[EventRounds "2"]
[SourceTitle "Corr 2011"]
[Source "ChessBase"]
[SourceDate "2010.08.31"]
[SourceVersion "1"]
[SourceVersionDate "2010.08.31"]
[SourceQuality "1"]
[WhiteTeam "US of America"]
[BlackTeam "South Africa"]
[WhiteTeamCountry "USA"]
[BlackTeamCountry "RSA"]

1. e4 c5 2. Nf3 Nc6 3. d4 cxd4 4. Nxd4 Nf6 5. Nc3 d6 6. Bb5 Bd7 7. 0-0 e5 8. Nf3 Be7 9. Bg5 0-0 10. Bxf6 Bxf6 11. Qxd6 Bg4 12. Qxd8 Raxd8 13. Bxc6 bxc6 14. Rad1 Bxf3 15. gxf3 g5 16. a3 Rxd1 17. Rxd1 Bd8 18. Rd6 c5 19. Nd5 h5 20. Ra6 f5 21. Re6 fxe4 22. fxe4 g4 23. Rxe5 h4 24. Ne3 Bf6 25. Rxc5 Be7 26. Rc7 Bd6 27. Rd7 Bc5 28. Nxg4 Rf4 29. h3 Rxe4 30. Nf6+ Kf8 31. Nxe4 1-0

[Event "IECC O-2421"]
[Site "IECC email"]
[Date "2006.07.23"]
[Round "?"]
[White "Laramore, Victor"]
[Black "Tamajung, David"]
[Result "1-0"]
[WhiteElo "1118"]
[BlackElo "1206"]
[PlyCount "95"]
[EventDate "2006.??.??"]
[EventType "swiss (corr)"]
[EventRounds "2"]
[SourceTitle "Corr 2020"]
[Source "ChessBase"]
[SourceDate "2019.09.30"]
[SourceVersion "1"]
[SourceVersionDate "2019.09.30"]
[SourceQuality "1"]
[WhiteTeam "United States"]
[BlackTeam "CMR"]
[WhiteTeamCountry "USA"]

1. c4 g6 2. d4 Bg7 3. Nf3 c5 4. e4 cxd4 5. Nxd4 Nc6 6. Be3 d6 7. Be2 Nf6 8. Nc3 Bd7 9. 0-0 0-0 10. Nxc6 bxc6 11. c5 Be6 12. f3 d5 13. Qc2 dxe4 14. fxe4 Ng4 15. Bxg4 Bxg4 16. h3 Be6 17. Rac1 Qa5 18. b3 Rfd8 19. Ne2 Bc8 20. Rfd1 Bb7 21. Bg5 Qc7 22. Qc4 Rd7 23. Rxd7 Qxd7 24. Rf1 Rf8 25. a3 h6 26. Be3 e5 27. b4 Bc8 28. Qc1 Kh7 29. Rd1 Qc7 30. Qd2 f5 31. exf5 gxf5 32. Qd3 Kh8 33. Qd6 Qxd6 34. cxd6 Rf7 35. g3 a6 36. Rc1 Bd7 37. Rc5 Kh7 38. Bc1 h5 39. Kf2 h4 40. gxh4 f4 41. Bb2 Rf5 42. Ra5 Bf6 43. Kf3 e4+ 44. Kxe4 Rxa5 45. Bxf6 Rxa3 46. Nxf4 Ra4 47. Nd3 a5 48. Nc5 1-0